书目信息 |
| 题名: |
注册土木工程师(港口与航道工程)执业资格考试专业考试复习教程与模拟练习
|
|
| 作者: | 达欣 , 戴安 主编 | |
| 分册: | ||
| 出版信息: | 天津 天津大学出版社 2004.7 |
|
| 页数: | 390页 | |
| 开本: | 26cm | |
| 丛书名: | 全国勘察设计注册工程师执业资格考试辅导丛书 | |
| 单 册: | ||
| 中图分类: | TU | |
| 科图分类: | ||
| 主题词: | 土木工程--tu mu gong cheng--考核--自学参考资料 , 航道工程--hang dao gong cheng--考核--自学参考资料 , 土木工程--tu mu gong cheng , 港口工程--gang kou gong cheng--考核--自学参考资料 , 航道工程--hang dao gong cheng , 港口工程--gang kou gong cheng | |
| 电子资源: | ||
| ISBN: | 7-5618-1994-3 | |
| 000 | 01456oam2 2200325 450 | |
| 001 | 012004000000 | |
| 005 | 20061229160726.76 | |
| 010 | @a7-5618-1994-3@dCNY65.00 | |
| 100 | @a20041207d2004 em y0chiy0121 ea | |
| 101 | 0 | @achi |
| 102 | @aCN@b120000 | |
| 105 | @aak zq 000yy | |
| 200 | 1 | @a注册土木工程师(港口与航道工程)执业资格考试专业考试复习教程与模拟练习@Azhu ce tu mu gong cheng shi ( gang kou yu hang dao gong cheng ) zhi ye zi ge kao shi zhuan ye kao shi fu xi jiao cheng yu mo ni lian xi@f达欣, 戴安主编 |
| 210 | @a天津@c天津大学出版社@d2004.7 | |
| 215 | @a390页@c图@d26cm | |
| 225 | 2 | @a全国勘察设计注册工程师执业资格考试辅导丛书@Aquan guo kan cha she ji zhu ce gong cheng shi zhi ye zi ge kao shi fu dao cong shu |
| 330 | @a本书共分12章, 包括港口与航道工程设计基础资料、海港总平面设计、河港总平面设计、渠化工程枢纽总体布置设计、航道设计、防护建筑物设计等。 | |
| 333 | @a阅读对象: 港口与航道工程专业人员 | |
| 410 | 0 | @12001 @a全国勘察设计注册工程师执业资格考试辅导丛书 |
| 606 | 0 | @a土木工程@Atu mu gong cheng@x考核@j自学参考资料 |
| 606 | 0 | @a航道工程@Ahang dao gong cheng@x考核@j自学参考资料 |
| 606 | 0 | @a土木工程@Atu mu gong cheng |
| 606 | 0 | @a港口工程@Agang kou gong cheng@x考核@j自学参考资料 |
| 606 | 0 | @a航道工程@Ahang dao gong cheng |
| 606 | 0 | @a港口工程@Agang kou gong cheng |
| 690 | @aTU@v4 | |
| 701 | 0 | @a达欣@Ada xin@4主编 |
| 701 | 0 | @a戴安@Adai an@4主编 |
| 801 | 0 | @aCN@c20061229 |
| 905 | @a10447@dTU@eD018 | |
| 注册土木工程师(港口与航道工程)执业资格考试专业考试复习教程与模拟练习/达欣, 戴安主编.-天津:天津大学出版社,2004.7 |
| 390页:图;26cm.-(全国勘察设计注册工程师执业资格考试辅导丛书) |
| 使用对象:阅读对象: 港口与航道工程专业人员 |
| ISBN 7-5618-1994-3:CNY65.00 |
| 本书共分12章, 包括港口与航道工程设计基础资料、海港总平面设计、河港总平面设计、渠化工程枢纽总体布置设计、航道设计、防护建筑物设计等。 |
| ● |
| 相关链接 |
|
|
|
正题名:注册土木工程师(港口与航道工程)执业资格考
索取号:TU/D018
 
预约/预借
| 序号 | 登录号 | 条形码 | 馆藏地/架位号 | 状态 | 备注 |
| 1 | 640308 | 206403088 | 自科二线404/404自科库 2排2列6层/ [索取号:TU/D018] | 在馆 | |
| 2 | 640309 | 206403097 | 自科二线404/404自科库 3排1列2层/ [索取号:TU/D018] | 在馆 | |
| 3 | 640310 | 206403104 | 自科二线404/404自科库 3排1列2层/ [索取号:TU/D018] | 在馆 |